[Event "Augustow Golden Rook op 53rd"]
[Site "Augustow"]
[Date "2011.06.02"]
[Round "7.7"]
[White "Szydelko, Marcin"]
[Black "Kuzniarz, Maciej"]
[Result "1-0"]
[WhiteElo "1835"]
[BlackElo "1468"]
[PlyCount "43"]
[EventDate "2011.05.29"]
[EventType "team-swiss"]
[EventRounds "9"]
[EventCountry "POL"]
[SourceTitle "EXT 2023"]
[Source "ChessBase"]
[SourceDate "2022.10.05"]
[SourceVersion "1"]
[SourceVersionDate "2022.10.05"]
[SourceQuality "1"]
[WhiteTeam "Radkow Giecek"]
[BlackTeam "Tomaszow Lubelski UKS GIM Dwojka"]
[WhiteTeamCountry "POL"]
[BlackTeamCountry "POL"]

1. e4 c5 2. Nc3 Nc6 3. g3 d6 4. Bg2 g6 5. d3 Bg7 6. f4 e6 7. Nf3 Nge7 8. Be3 Rb8 9. 0-0 0-0 10. a3 a6 11. Rb1 Qc7 12. Ne2 b6 13. g4 d5 14. Ng3 dxe4 15. dxe4 Rd8 16. Qe2 Na5 17. f5 exf5 18. gxf5 gxf5 19. Nh5 fxe4 20. Ng5 Rf8 21. Nxg7 Kxg7 22. Qh5 1-0

[Event "Augustow Golden Rook op 53rd"]
[Site "Augustow"]
[Date "2011.06.01"]
[Round "6.23"]
[White "Mika, Tomasz1111"]
[Black "Kuzniarz, Maciej"]
[Result "1-0"]
[WhiteElo "1833"]
[BlackElo "1468"]
[PlyCount "45"]
[EventDate "2011.05.29"]
[EventType "team-swiss"]
[EventRounds "9"]
[EventCountry "POL"]
[SourceTitle "EXT 2023"]
[Source "ChessBase"]
[SourceDate "2022.10.05"]
[SourceVersion "1"]
[SourceVersionDate "2022.10.05"]
[SourceQuality "1"]
[WhiteTeam "Czarna LKSz. GCKiP 2"]
[BlackTeam "Tomaszow Lubelski UKS GIM Dwojka"]
[WhiteTeamCountry "POL"]
[BlackTeamCountry "POL"]

1. e4 c5 2. Nf3 Nc6 3. Bb5 g6 4. 0-0 Bg7 5. c3 Nf6 6. Re1 0-0 7. d4 cxd4 8. cxd4 d5 9. e5 Ne4 10. Nbd2 Nxd2 11. Bxd2 Qb6 12. Bxc6 bxc6 13. b3 Bg4 14. Be3 Rfc8 15. h3 Bf5 16. Qd2 a5 17. Rac1 Rc7 18. Rc5 Bd7 19. Rec1 Qb4 20. Rxd5 Be6 21. Rdc5 Qb6 22. d5 Bxd5 23. Rxd5 1-0